LaLiga - Statystyki

Ogólne statystyki
  • Ten quiz został rozwiązany 55 razy
  • Średni wynik to 12 z 20
Statystyki odpowiedzi
drużyna % Poprawnych
Real Madryt
100%
FC Barcelona
95%
Atletico Madryt
85%
Girona
80%
Sevilla
80%
Real Sociedad
78%
Real Betis
76%
Athletic Bilbao
68%
Valencia
56%
Getafe
54%
Deportivo Alaves
51%
Villarreal
51%
Mallorca
49%
Cadiz
46%
Las Palmas
44%
Granada
41%
Rayo Vallecano
39%
Celta Vigo
37%
Almeria
29%
Osasuna
24%
Nie znaleziono quizów pasujących do podanych kryteriów
Rozkład punktacji
Procent ludzi z każdym wynikiem
Percentyl według liczby udzielonych odpowiedzi
Twoja historia wyników
Nie rozwiązałeś tego quizu